000 01082nam a22003497a 4500
001 0004163
003 KOHA_MİRAKIL
005 20260207001402.0
007 ta
008 090420b1999 tu |||gr||||#0|||0|tur |
020 _a9755331123
040 _aTR-BiSEU
_btur
_cTR-BiSEU
_erda
041 0 _atur
044 _ctu
050 _aDR471
_b.C38 1999
100 1 _aÇavdar, Tevfik.
245 1 _aTürkiye'nin demokrasi tarihi :
_b1839-1950/
_cTevfik Çavdar ; Tevfik Çavdar.
264 1 _aAnkara :
_bİmge yayıncılık,1999.
_c1999
300 _a524 sayfa
336 _ametin
_btxt
_2rdacontent
337 _aaracısız
_bn
_2rdamedia
338 _acilt
_bnc
_2rdacarrier
500 _aKaynakça var.
650 0 _aTurkey--History--19th century.
_98868
650 0 _aTurkey--History--20th century.
_94434
650 0 _aTurkey--Politics and government--20th century.
_97945
650 0 _aTürkiye--Tarih--19.yy.
_910174
650 0 _aTürkiye--Tarih--20.yy.
_910175
650 0 _aTürkiye--Siyaset ve yönetim--20.yy.
_910176
907 _aTarih
942 _2lcc
_cBK
999 _c4146
_d4146